00682cam a22002051 450000100060000000300080000600500170001400800390003103500190007004000270008904100080011608200210012410000260014524500910017126000460026230000430030850400580035165000440040965000230045322231BD-RjUL20211209000801.0140306s1948 nyuab b 001 0 eng a(BD-RjUL)22296 aDLCcDLCdBD-RjULbeng aeng00a333.72bVOR 19481 aVogt, William,d1902-10aRoad to survival /cwith an introd. by Bernard M. Baruch; illus. by Stuart I. Freeman. aNew York :bW. Sloane Associates,cc1948. axvi, 335 p. :billus., maps. ;c22 cm. a"References": p. 289-297. "Reading list": p. 298-301. 0aHuman beingsxEffect of environment on. 0aNatural resources.